Munster Senior Cup Champions - Statistics

General Stats
  • This quiz has been taken 9 times
  • The average score is 5 of 11
Answer Stats
N Team County Titles % Correct
7 P.B.C. Cobh Cobh, Co. Cork 1
75%
3 Rockwell College Cashel, Co. Tipperary 26
75%
7 Castletroy College Castletroy, Co. Limerick 1
63%
4 Crescent College Dooradoyle, Co. Limerick 12
63%
1 Christian Brothers College Cork, Co. Cork 31
50%
7 Glenstal Abbey Murroe, Co. Limerick 1
50%
1 Presentation Brothers College Cork, Co.Cork 31
50%
5 St. Munchin's College Corbally, Co. Limerick 5
50%
6 Limerick C.B.S. Limerick, Co. Limerick 4
38%
7 The Abbey Tipperary, Co. Tipperary 1
13%
7 Mungret College Limerick, Co. Limerick 1
0%
No matching quizzes found
Score Distribution
Percent of People with Each Score
Percentile by Number Answered
Your Score History
You have not taken this quiz